zpět

Detail výsledku týmu

Adélka, Pustiměř

Datum a čas kvízu

35.5 Celkem bodů Celkový počet nahraných bodů na tomto kvízu bez doplňovacích otázek.
1. Pořadí na kvízu Konečné umístění týmu na tomto kvízu.

Zaznamenané odpovědi

# Otázka Odpověď Body Výsledky
1. V neděli byla slavnostně otevř... sv. Jakub 1
2. V úterý byla slavnostně spuště... Etiopie 1
3. Ve čtvrtek měla v českých kin... Srnky 1
4. 81letý americký podnikatel Lar... Oracle 1
5. Čeští volejbalisté si po dlouh... Filipíny 0
6. V tomto tématu se budeme zabýv... sestra - bratr 1
7. Chronologicky seřaďte vybrané... 1D 2B 3C 4A 1
8. Která z uvedených osobností je... C 0
9. V této otázce nás bude zajímat... Vratislav (I.) 1
10. Přiřaďte příbuzenské vztahy vy... 1D 2C 3A 4B 1